guess the laufey song no hints #17 - Statistics

General Stats
  • This quiz has been taken 75 times
  • The average score is 73 of 169
Answer Stats
Answer % Correct
I
96%
you
85%
the
84%
The
84%
be
80%
me
78%
And
73%
and
73%
is
69%
In
67%
It
67%
it
67%
my
65%
When
64%
when
64%
on
62%
I'm
60%
so
60%
been
56%
that
56%
it's
53%
I've
53%
have
51%
Have
51%
see
51%
like
49%
all
47%
This
47%
this
47%
at
45%
how
45%
Of
45%
am
42%
look
40%
one
40%
will
40%
always
38%
Just
38%
just
38%
time
38%
we're
36%
Oh
35%
serendipity
33%
won't
33%
you'll
33%
fallen
31%
mine
29%
over
29%
lucky
27%
second
27%
naive
25%
our
25%
blue
24%
Coincidences
24%
cosmic
24%
dimes
24%
falling
24%
fast
24%
hard
24%
pretend
24%
quite
24%
signs
24%
stops
24%
anxious
22%
around
22%
desolate
22%
gravity
22%
happened
22%
hit
22%
hope
22%
Hope
22%
into
22%
proved
22%
quickly
22%
still
22%
ticking
22%
arms
20%
big
20%
city
20%
clovers
20%
confess
20%
Four-leaf
20%
sticking
20%
Central
18%
corner
18%
leaps
18%
losing
18%
memory
18%
Ninety
18%
Park
18%
Ran
18%
rarely
18%
taken
18%
thank
18%
thrilled
18%
West
18%
world's
18%
years
18%
failing
16%
twenty-three
16%
swear
13%
No matching quizzes found
Score Distribution
Percent of People with Each Score
Percentile by Number Answered
Your Score History
You have not taken this quiz